Vplyv vybraného procesného parametra na rozmerové charakteristiky návaru vyhotoveného metódou WAAM

Enregistré dans:
Détails bibliographiques
Auteur principal: Savytskyi, Bohdan (Auteur)
Autres auteurs: Urminský, Ján (Directeur de thèse)
Format: Manuscrit Livre
Langue:slovaque
Publié: 2024
Sujets:
Accès en ligne:http://is.stuba.sk/zp/portal_zp.pl?podrobnosti=172648
Tags: Ajouter un tag
Pas de tags, Soyez le premier à ajouter un tag!

MARC

LEADER 00000ntm a22000003a 4500
001 stuzp98120
003 SK-STU
005 20240629211819.9
007 ta
008 150427s2015----xo-----f-mn---000-0-slo-d
040 |a STU  |b slo 
041 0 |a slo 
100 1 |a Savytskyi, Bohdan  |u 063000  |4 aut  |U MTF Materiálovotechnologická fakulta  |T MTF Ústav výrobných technológií  |X 117019  |U M3000  |Y 83  |7 117019 
242 0 1 |a The influence of the selected process parameter on the dimensional characteristics of the overlay weld produced by the WAAM method  |y eng 
245 1 0 |a Vplyv vybraného procesného parametra na rozmerové charakteristiky návaru vyhotoveného metódou WAAM 
260 |c 2024 
650 4 |a Aditívna výroba  |2 slo 
650 4 |a Naváranie  |2 slo 
650 4 |a Parametre navárania  |2 slo 
650 4 |a WAAM  |2 slo 
650 4 |a WAAM  |2 eng 
650 4 |a Welding parameters  |2 eng 
650 4 |a Additive manufacturing  |2 eng 
650 4 |a Welding  |2 eng 
700 1 |a Urminský, Ján  |u 063100  |k Z1  |4 ths  |U MTF Ústav výrobných technológií  |T MTF Katedra zvárania a spájania materiálov  |X 59820  |U M3100  |Y 162  |7 A000059820 
856 4 |u http://is.stuba.sk/zp/portal_zp.pl?podrobnosti=172648 
996 |c M* BP-9837  |l MMSKP  |s P  |a 0  |w stuzp98120_0001